Country by Single Letter Quiz Stats

 Plays Quiz Updated Nov 9, 2018

Support Sporcle.
Go Orange.
Score 0/15 Timer 09:00
8 Plays Today
% Correct
Peru
91.3%
Latvia
67.3%
Niger
61.4%
Mali
58.1%
India
56.7%
Togo
54.7%
Poland
53.6%
Cuba
53.5%
% Correct
Malta
51.3%
Angola
44.7%
Chile
40.3%
Russia
35.8%
Tuvalu
32.6%
Panama
25.9%
Nauru
21.5%

You're not logged in!

Compare scores with friends on all Sporcle quizzes.
OR
Log In

From the Vault

First Letter Appearance Only: Novels

by sproutcm

You'll need to buy more than a couple vowels to finish these book titles.
Remove Ads.
Support Sporcle.
Get the best of Sporcle when you Go Orange. This ad-free experience offers more features, more stats, and more fun while also helping to support Sporcle. Thank you for becoming a member.

Show Comments

Extras

Top Quizzes Today


Score Distribution

Your Account Isn't Verified!

In order to create a playlist on Sporcle, you need to verify the email address you used during registration. Go to your Sporcle Settings to finish the process.

Report this User

Report this user for behavior that violates our Community Guidelines.

Details: